Statystyki dla 15 krajów o największej liczbie zgonów Covid19 - 8 września 2021

Kliknij tutaj aby rozwiązać quiz!

Ogólne statystyki

  • Ten quiz został rozwiązany 12 razy
  • Średni wynik to 11 z 25

Statystyki odpowiedzi

kraj% Poprawnych
Rosja
100%
Stany Zjednoczone
92%
Brazylia
75%
Meksyk
75%
Włochy
67%
Francja
58%
Hiszpania
58%
Indie
58%
Wielka Brytania
58%
Argentyna
50%
Niemcy
50%
Indonezja
42%
Czechy
33%
Iran
33%
Peru
33%
Słowacja
33%
Słowenia
33%
Kolumbia
25%
Węgry
25%
Belgia
17%
Chorwacja
17%
Paragwaj
17%
Bułgaria
8%
Bośnia i Hercegowina
0%
Macedonia Północna
0%

Rozkład punktacji

Percentyl według liczby udzielonych odpowiedzi

Procent ludzi z każdym wynikiem

Twoja historia wyników

Nie rozwiązałeś tego quizu